Villes du Monde en F - Statistiques

Statistiques générales
  • Ce quiz a été pris 132 fois
    98 depuis la dernière actualisation
  • Le résultat moyen est 5 sur 12
Statistiques - réponses
Pays Population Ville % Correct
Allemagne 773K Francfort
89%
Italie 360K Florence
87%
Maroc 1,1M Fès
82%
Martinique 86K Fort-de-France
69%
Sierra Leone 1,3M Freetown
47%
Japon 5,1M Fukuoka
24%
France 58K Fréjus
22%
Brésil 2.5M Fortaleza
21%
Pakistan 3,6M Faisalabad
16%
Portugal 100K Funchal
13%
États-Unis 1M Fort Worth
10%
Chine 9,1M Fuzhou
6%
Aucun quiz correspondant
Distribution des résultats
% des personnes avec chaque résultat
Percentile par nombre de réponses
Votre historique - résultats
Vous n’avez pas pris ce quiz depuis la dernière actualisation